=LDR 00000nam 2200000 4500 =001 000405 =005 20250710032749 =035 ##$$a 0010-0725000267 =007 ta =008 250710################a##########0#ind## =020 ##$$a 978-623-472-185-0 =082 ##$$a 398.209 598 =084 ##$$a 398.209 598 MCG a =100 #$$a McGregor Sarah =245 1#$$a Aku Tidak Mau Tidur /$c Sarah McGregor =250 ##$$a Cetakan Pertama 2024 =260 ##$$a Jakarta :$b Badan Pengembangan dan Pembinaan Bahasa,$c 2022 =300 ##$$a 24 hlm : $b Ilus. ; $c 22,9 cm =990 ##$$a TBM01300130